000 00726nam a22002177a 4500
999 _c12363
_d12363
003 AR-CdUCM
008 190408b ||||| |||| 00| 0 spa d
040 _aMUNICIPALIDAD PROVINCIAL DEL CUSCO
_cBIBLIOTECA MUNICIPAL DEL CUSCO
082 _a252 /
_bN54 / 1781.
100 _aNicolas Gallo, P. D.
_929988
245 _aSermones del P. D. Nicolas Gallo, presbiterio de la congregación del Salvador del mundo de Madrid /
260 _aMadrid :
_bD. Manuel Martin,
_c1781.
300 _a370 paginas ;
_c21 cm.
500 _aDedicatoria
505 _aContenido : t.2 : Sermones
650 _aSermones
_92430
650 _aReflexiones
_93812
650 _aConsejos
_914854
942 _2ddc
_cLIBROS
945 _awnts
_d2019-04-08